[Event "Heart of Finland op 24th"]
[Site "Jyvaskyla"]
[Date "2014.07.13"]
[Round "9"]
[White "Radkov, Bazhen D"]
[Black "Franssila, Tommi"]
[Result "0-1"]
[WhiteElo "2068"]
[BlackElo "2227"]
[PlyCount "70"]
[EventDate "2014.07.07"]
[EventType "swiss"]
[EventRounds "9"]
[EventCountry "FIN"]
[SourceTitle "EXT 2019"]
[Source "ChessBase"]
[SourceDate "2018.10.10"]
[SourceVersion "1"]
[SourceVersionDate "2018.10.10"]
[SourceQuality "1"]

1. e4 c5 2. Nf3 Nc6 3. d4 cxd4 4. Nxd4 Nf6 5. Nc3 e5 6. Ndb5 d6 7. Bg5 a6 8. Na3 b5 9. Bxf6 gxf6 10. Nd5 Bg7 11. g3 f5 12. Bg2 0-0 13. exf5 e4 14. Qh5 Re8 15. 0-0-0 Re5 16. Ne3 d5 17. c3 Ne7 18. Bh3 Qb6 19. Nac2 b4 20. Nxb4 Rb8 21. Qe2 d4 22. Rxd4 Rb5 23. Rhd1 Bxd4 24. Rxd4 a5 25. Nbd5 Nxd5 26. Nxd5 Qh6+ 27. Nf4 Rxb2 28. Qg4+ Kf8 29. Rd8+ Ke7 30. Qg8 Rb1+ 31. Kd2 R8b2+ 32. Ke3 Re1+ 33. Kd4 Rd1+ 34. Kc5 Rxd8 35. Ng6+ Qxg6 0-1

[Event "Voronezh op-A 18th"]
[Site "Voronezh"]
[Date "2014.06.21"]
[Round "9"]
[White "Radkov, Bazhen D"]
[Black "Glukhov, Mikhail"]
[Result "1-0"]
[WhiteElo "2070"]
[BlackElo "2209"]
[PlyCount "109"]
[EventDate "2014.06.12"]
[EventType "swiss"]
[EventRounds "9"]
[EventCountry "RUS"]
[SourceTitle "CBM 160 Extra"]
[Source "ChessBase"]
[SourceDate "2014.07.01"]
[SourceVersion "1"]
[SourceVersionDate "2014.07.01"]
[SourceQuality "1"]

1. d4 c5 2. d5 Nf6 3. Nc3 g6 4. e4 d6 5. h3 Bg7 6. Nf3 Nbd7 7. Be2 0-0 8. 0-0 a6 9. a4 b6 10. Bf4 Bb7 11. Bh2 Qc7 12. Nd2 Rad8 13. Re1 Ne8 14. Bf1 Qc8 15. Qe2 e5 16. dxe6 fxe6 17. Kh1 Nb8 18. Nc4 Qc7 19. Qg4 Bc8 20. f3 Nc6 21. Ne3 Qf7 22. Qh4 Bf6 23. Qf2 Qg7 24. Qd2 Bg5 25. Ne2 d5 26. exd5 exd5 27. f4 Bh4 28. g3 d4 29. gxh4 dxe3 30. Qxe3 Kh8 31. c3 Nd6 32. Bg2 Nf5 33. Qf2 Na5 34. Ng1 Nc4 35. Nf3 Bb7 36. h5 Rd3 37. Ng5 Rd2 38. Re2 Rxe2 39. Qxe2 Nfe3 40. Bf3 Re8 41. hxg6 hxg6 42. Qf2 Qd7 43. Kg1 Re7 44. Re1 Kg7 45. Bxb7 Qxb7 46. Nf3 Qe4 47. Ne5 b5 48. axb5 axb5 49. Ng4 Re6 50. Nxe3 Nxe3 51. Bg3 c4 52. Bh4 Qd3 53. Qf3 Kf7 54. Bf2 Re7 55. Rxe3 1-0